| Tag |
First Indicator |
Second Indicator |
Subfields |
| LEADER |
00000cam a2200000 a 4500 |
| 001 |
in00000073115 |
| 005 |
20151008060045.0 |
| 008 |
811109s1981 ohuabc b s00110 eng |
| 010 |
|
|
|a 81082502
|
| 020 |
|
|
|a 0879721804
|
| 020 |
|
|
|a 0879721812 (pbk.)
|
| 035 |
|
|
|a (OCoLC)07674095
|
| 035 |
|
|
|9 AAJ5054AM
|
| 039 |
0 |
|
|a 2
|b 3
|c 3
|d 3
|e 3
|
| 040 |
|
|
|a DLC
|c DLC
|d TXA
|d UtOrBLW
|
| 049 |
|
|
|a TXAM
|c [387784]
|
| 050 |
0 |
0 |
|a E467.1.C99
|b F74
|
| 082 |
0 |
|
|a 973.8/2/0924
|a B
|2 19
|
| 100 |
1 |
|
|a Frost, Lawrence A.
|
| 245 |
1 |
0 |
|a Custer legends /
|c Lawrence A. Frost.
|
| 264 |
|
1 |
|a Bowling Green, Ohio :
|b Bowling Green University Popular Press,
|c [1981]
|
| 264 |
|
4 |
|c ©1981
|
| 300 |
|
|
|a 251 pages :
|b illustrations, maps, portraits ;
|c 24 cm.
|
| 336 |
|
|
|a text
|b txt
|2 rdacontent
|
| 337 |
|
|
|a unmediated
|b n
|2 rdamedia
|
| 338 |
|
|
|a volume
|b nc
|2 rdacarrier
|
| 500 |
|
|
|a Maps on lining papers.
|
| 504 |
|
|
|a Includes bibliographical references and index.
|
| 600 |
1 |
0 |
|a Custer, George A.
|q (George Armstrong),
|d 1839-1876
|v Legends.
|
| 999 |
|
|
|a MARS
|
| 999 |
f |
f |
|s 5e76d778-3cd0-3522-8ee9-4356275d8676
|i 370da4ea-b926-335d-8444-8f4c605c5ba1
|t 0
|
| 952 |
f |
f |
|p ric
|a Texas A&M University
|b Rellis Campus
|c Joint Library Facility
|d Remote Storage
|t 0
|e E467.1.C99 F74
|h Library of Congress classification
|i unmediated -- volume
|m A14806107271
|
| 998 |
f |
f |
|a E467.1.C99 F74
|t 0
|l Remote Storage
|